| 000 | 00000nam##2200000za#4500 |
| 001 | 9.670576 |
| 003 | CaOODSP |
| 005 | 20210615125601 |
| 007 | ta |
| 008 | 150407|2008||||xxc||||| f|0| 0 fre|d |
| 040 | |aCaOODSP|bfre |
| 041 | |aeng |
| 041 | |afre |
| 043 | |an-cn--- |
| 086 | 1 |aH34-177/2008 |
| 110 | 1 |aCanada.|bSanté Canada. |bDirection générale de la santé des Premières nations et des Inuits. |
| 245 | 10|aSanté environnementale et publique dans des communautés des Premières nations : |bune carrière qui fait une différence! |
| 260 | |aOttawa - Ontario : |bSanté Canada. |cc2008. |
| 300 | |a1 feuille pliée ([4]p.) : |bphotographies ; |c22 cm. |
| 500 | |aLes n°s de catalogue (H34-177/2008E et H34-177/2008F) et les ISBNs (978-0-46331-3 et 978-0-46331-3) imprimés dans cette publication sont incorrects. |
| 563 | |aDépliant |
| 590 | |a08-41|b2008-10-10 |
| 691 | 07|aProfession|2gcpds |
| 776 | 0#|tSanté environnementale et publique dans des communautés des Premières nations : |w(CaOODSP)9.639094 |
| 776 | 0#|tEnvironmental public health in First Nations Communities : |w(CaOODSP)9.694927 |
| 791 | |tEnvironmental public health in First Nations Communities : |eeng|w(CaOODSP)9.670575 |